000 00548cam a22001697a 4500
008 180718b2011 xxu||||| |||| 00| 0 eng d
020 _a9788131604199
082 _aT39 Sp32
245 _aGlobalization and growth: implications for a post-crisis world
_cedited by Michael Spence and Danny Leipziger
260 _aJaipur
_bRawat
_c2011
300 _a347p.
650 _aGlobalization
650 _aEconomic history --21st century
650 _aFinancial crises --History --21st century
700 _aLeipziger, Danny
700 _aSpence, Michael
999 _c442593
_d442593